El trabajo social en grupos / (Record no. 146683)

MARC details
000 -LEADER
campo de control de longitud fija 00733nam a2200229 i 4500
001 - NÚMERO DE CONTROL
campo de control 146683
003 - IDENTIFICADOR DE NÚMERO DE CONTROL
campo de control ES-MaACL
005 - FECHA Y HORA DE LA ÚLTIMA TRANSACCIÓN
campo de control 20230906201631.0
007 - CAMPO FIJO DE DESCRIPCIÓN FÍSICA--INFORMACIÓN GENERAL
campo de control de longitud fija t|
008 - DATOS DE LONGITUD FIJA--INFORMACIÓN GENERAL
campo de control de longitud fija 070914s1965 ag ||||1| spa d
080 ## - NÚMERO DE LA CLASIFICACIÓN DECIMAL UNIVERSAL
Número de la Clasificación Decimal Universal 316.45
100 1# - ENTRADA PRINCIPAL--NOMBRE DE PERSONA
Nombre de persona Trecker, Harleigh B.
9 (RLIN) 111274
245 13 - MENCIÓN DEL TÍTULO
Título El trabajo social en grupos /
Mención de responsabilidad, etc. Harleigh B. Trecker, Audrey R. Trecker ; [traducción por Enrique Alt].
260 ## - PUBLICACIÓN, DISTRIBUCIÓN, ETC.
Lugar de publicación, distribución, etc. Buenos Aires :
Nombre del editor, distribuidor, etc. Bibliográfica Omeba,
Fecha de publicación, distribución, etc. 1965.
300 ## - DESCRIPCIÓN FÍSICA
Extensión 166 p. ;
Dimensiones 20 cm.
650 14 - PUNTO DE ACCESO ADICIONAL DE MATERIA--TÉRMINO DE MATERIA
Término de materia o nombre geográfico como elemento de entrada Dinámica de grupos.
9 (RLIN) 11891
650 ## - PUNTO DE ACCESO ADICIONAL DE MATERIA--TÉRMINO DE MATERIA
Término de materia o nombre geográfico como elemento de entrada Animación cultural.
9 (RLIN) 9828
700 1# - ENTRADA AGREGADA--NOMBRE PERSONAL
Nombre de persona Trecker, Audrey R.
9 (RLIN) 111273
700 1# - ENTRADA AGREGADA--NOMBRE PERSONAL
Nombre de persona Alt, Enrique.
9 (RLIN) 20501
852 ## - LOCALIZACIÓN
Ubicación ES-MaACL
Número de control de estantería D-9312
Sublocalización o colección R.58297
852 ## - LOCALIZACIÓN
Ubicación ES-MaACL
Número de control de estantería C-29637
Sublocalización o colección R.59847
Holdings
Estatus retirado Estado de pérdida Estado de daño No para préstamo Biblioteca de origen Biblioteca actual Ubicación en estantería Fecha de adquisición Fuente de adquisición Total de préstamos Signatura topográfica completa Código de barras Visto por última vez Precio de reemplazo Tipo de ítem Koha
        Biblioteca del Ateneo de Madrid Biblioteca del Ateneo de Madrid Depósito 2 17/01/2008     C-29637 1153092 23/02/2023 23/02/2023 Libro impreso
        Biblioteca del Ateneo de Madrid Biblioteca del Ateneo de Madrid Sala Valle Inclán 17/01/2008     D-9312 901153091 23/02/2023 23/02/2023 Libro impreso